Stavba motorových vozidiel II

Salvato in:
Dettagli Bibliografici
Autore principale: Hudec, Pavol, 1949- (Autore)
Natura: Libro
Pubblicazione: Bratislava : SVŠT v Bratislave, 1978
Edizione:1. vyd. 1. dotlač
Soggetti:
Tags: Aggiungi Tag
Nessun Tag, puoi essere il primo ad aggiungerne!!

MARC

LEADER 00000nam a22000003a 4500
001 stu84214
005 20150617225635.9
008 040224s1978----cs----------------------d
040 |a STU  |b slo 
041 0
044 |a cs 
080 |a 629  |7 stu_us_auth*stu6923 
100 1 |a Hudec, Pavol,  |d 1949-  |4 aut  |u C8170  |U FCHPT Ústav organickej chémie, katalýzy a petrochémie  |T FCHPT Oddelenie technológie ropy a petrochémie  |X 3310  |U C8170  |Y 125  |7 A000003310 
245 1 |a Stavba motorových vozidiel II 
250 |a 1. vyd. 1. dotlač 
260 |a Bratislava :  |b SVŠT v Bratislave,  |c 1978 
300 |a 283 s 
650 7 |a motorové vozidlá  |2 stusub 
996 |b 284J019823  |c J*1701-11  |l JJSK  |s A  |a 24  |w stu84214_0001